Столиці країн світу - Statistics

General Stats
  • This quiz has been taken 349 times
  • The average score is 54 of 197
Answer Stats
Країна Столиця % Correct
Австрія Відень
78%
Велика Британія Лондон
78%
Італія Рим
76%
Білорусь Мінськ
75%
Україна Київ
74%
Ватикан Ватикан
72%
Німеччина Берлін
72%
Болгарія Софія
71%
Росія Москва
71%
Греція Афіни
70%
Польща Варшава
70%
Іспанія Мадрид
68%
Франція Париж
68%
Люксембург Люксембург
65%
Чехія Прага
64%
Ірландія Дублін
63%
Угорщина Будапешт
63%
Бельгія Брюссель
62%
Данія Копенгаген
62%
Монако Монако
62%
Норвегія Осло
62%
Португалія Лісабон
59%
Латвія Рига
58%
Нідерланди Амстердам
58%
Румунія Бухарест
58%
Албанія Тирана
55%
Молдова Кишинів
55%
Словаччина Братислава
55%
Боснія і Герцеговина Сараєво
52%
Литва Вільнюс
52%
Китай Пекін
52%
Бразилія Бразиліа
52%
Сполучені Штати Америки Вашингтон
52%
Японія Токіо
51%
Сан-Марино Сан-Марино
50%
Єгипет Каїр
50%
Південна Корея Сеул
49%
Сербія Белград
48%
Швейцарія Берн
48%
Швеція Стокгольм
47%
Казахстан Астана
45%
Туреччина Анкара
45%
Канада Оттава
45%
Хорватія Загреб
43%
Азербайджан Баку
43%
Фінляндія Гельсінкі
42%
Індія Нью-Делі
42%
Алжир Алжир
42%
Австралія Канберра
41%
Мексика Мехіко
41%
Ізраїль Єрусалим
40%
Андорра Андорра-ла-Велья
38%
Ліхтенштейн Вадуц
38%
Словенія Любляна
38%
Грузія Тбілісі
38%
Північна Корея Пхеньян
38%
Аргентина Буенос-Айрес
38%
Вірменія Єреван
36%
Обʼєднані Арабські Емірати Абу-Дабі
35%
Іран Тегеран
33%
Косово Приштина
32%
Ірак Багдад
32%
Сінгапур Сінгапур
32%
Таїланд Бангкок
32%
Чилі Сантьяго
32%
Індонезія Джакарта
30%
Вʼєтнам Ханой
28%
Киргизстан Бішкек
28%
Кіпр Нікосія
28%
Монголія Улан-Батор
28%
Мальта Валлетта
27%
Чорногорія Подгориця
27%
Пакистан Ісламабад
27%
Перу Ліма
27%
Узбекистан Ташкент
26%
Венесуела Каракас
26%
Афганістан Кабул
25%
Мадагаскар Антананаріву
25%
Туніс Туніс
25%
Уругвай Монтевідео
25%
Сирія Дамаск
24%
Нова Зеландія Веллінгтон
24%
Катар Доха
23%
Бангладеш Дакка
22%
Непал Катманду
22%
Філіппіни Маніла
22%
Марокко Рабат
22%
Еквадор Кіто
22%
Колумбія Богота
22%
Панама Панама
22%
Камбоджа Пномпень
21%
Мальдіви Мале
21%
Саудівська Аравія Ер-Ріяд
21%
Таджикістан Душанбе
21%
Тайвань Тайбей
20%
Кенія Найробі
20%
Лівія Триполі
20%
Нігерія Абуджа
20%
Південно-АфриканськаРеспубліка Кейптаун
20%
Болівія Сукре
20%
Кувейт Ель-Кувейт
19%
Парагвай Асунсьйон
19%
Йорданія Амман
18%
Ліван Бейрут
18%
Гвінея-Бісау Бісау
18%
Демократична РеспублікаКонго Кіншаса
18%
Джибуті Джибуті
18%
Ємен Сана
17%
Ангола Луанда
17%
Гаяна Джорджтаун
17%
Суринам Парамарибо
17%
Куба Гавана
17%
Оман Маскат
16%
Бенін Порто-Ново
16%
Сенегал Дакар
16%
Бахрейн Манама
15%
Бутан Тхімпху
15%
Туркменістан Ашгабат
15%
Гана Аккра
15%
Сейшельські Острови Вікторія
15%
Танзанія Додома
15%
гватемала Гватемала
15%
Східний Тімор Ділі
14%
Шрі-Ланка Шрі-Джаяварденепура-Котте
14%
Ботсвана Габороне
14%
Габон Лібревіль
14%
Зімбабве Хараре
14%
Камерун Яунде
14%
Сан-Томе і Принсіпі Сан-Томе
14%
Сомалі Могадішо
14%
Чад Нджамена
14%
Папуа Нова Гвінея Порт-Морсбі
14%
Гондурас Тегусігальпа
14%
Сальвадор Сан-Сальвадор
14%
Ямайка Кінгстон
14%
Ісландія Рейкʼявік
13%
Буркіна-Фасо Уагадугу
13%
Ефіопія Аддис-Абеба
13%
Мавританія Нуакшот
13%
Малі Бамако
13%
Вануату Порт-Віла
13%
Фіджі Сува
13%
Північна Македонія Скопʼє
12%
Бруней Бандар-Сері-Бегаван
12%
Еритрея Асмера
12%
Замбія Лусака
12%
Лесото Масеру
12%
Ліберія Монровія
12%
Мозамбік Мапуту
12%
Намібія Віндгук
12%
Нігер Ніамей
12%
Південний Судан Джуба
12%
Республіка Конго Браззавіль
12%
Судан Хартум
12%
того Ломе
12%
ЦентральноафриканськаРеспубліка Бангі
12%
Тувалу Фунафуті
12%
Коста-Рика Сан-Хосе
12%
Нікарагуа Манагуа
12%
Кабо-Верде Прая
11%
Маврикій Порт-Луї
11%
Малаві Лілонгве
11%
Уганда Кампала
11%
Федеративні Штати Мікронезії Палікір
11%
Палестина Рамалла
10%
Есватіні Мбабане
10%
Кот-дʼІвуар Ямусукро
10%
Руанда Кігалі
10%
Сьєрра-Леоне Фрітаун
10%
Кірибаті Південна Тарава
10%
Науру Ярен
10%
Палау Нгерулмуд
10%
Самоа Апіа
10%
Бурунді Гітега
9%
Екваторіальна Гвінея Малабо
9%
Маршаллові Острови Маджуро
9%
Соломонові Острови Хоніара
9%
Тонга Нукуалофа
9%
Багамські Острови Нассау
9%
Малайзія Куала-Лампур
8%
Гамбія Банжул
8%
Гвінея Конакрі
8%
Домініка Розо
8%
Коморські Острови Мороноі
7%
Гаїті Порт-о-Пренс
7%
Домініканська Республіка Санто-Домінго
7%
Сент-Вінсент і Гренадини Кінгстаун
7%
Сент-Люсія Кастрі
7%
Тринідад і Тобаго Порт-оф-Спейн
7%
Мʼянма Найпʼїдо
5%
Західна Сахара Ель-Аюн
5%
Антигуа і Барбуда Сент-Джонс
5%
Барбадос Бриджтаун
5%
Лаос Вʼєнтьян
4%
Гренада Сент-Джорджес
4%
Сент-Кіттс і Невіс Бастер
4%
Беліз Бульмопан
2%
No matching quizzes found
Score Distribution
Percent of People with Each Score
Percentile by Number Answered
Your Score History
You have not taken this quiz